00492nam a22001577a 4500003000500000005001700005008004100022020001800063040000600081082001600087100005400103245006100157260003100218300001400249650007100263CEME20210628203001.0210126b xxu||||| |||| 00| 0 eng d a0-471-25276-X c. a620.118 GUR aGurdal , Zafer Haftka, Raphael .T Hajela, Prabhat aDesign and optimization of laminated composite materials aNEW YORKbJOHN WILEYc1999 aXIV,337 P aLAMINATED MATERIALS, COMPOSITE MATERIALS, STRUCTURAL OPTIMIZATIONS